000 00721nam a22002417a 4500
003 LK-CoDNM
005 20241120112240.0
008 241015b |||||||| |||| 00| 0 eng d
040 _aLK-CoDNM
_dLK-CoDNM
_eLK-CoDNM
041 _aeng
080 _aPJ
_bE4.1
100 _a
245 _aJournal of the Ceylon branch of the Royal Asiatic society-1933 ( Vol.32 )
_bNo.86 & Part.3
260 _aColombo
_bThe times of Ceylon Co, Ltd.
_c1934
300 _b140p. : ill ; 24 cm
500 _aMonthly magazine
650 _aJournal of the Ceylon branch of the Royal Asiatic society-1933 ( Vol.32 )
650 _aNo.86 & Part.3
650 _aPJ E4.1
650 _a1934
650 _aMonthly magazine
942 _cBK
999 _c231175
_d231175